Citizen Outsider (Record no. 17281)
[ view plain ]
| 000 -LEADER | |
|---|---|
| fixed length control field | 00752nam a2200121Ia 4500 |
| 008 - FIXED-LENGTH DATA ELEMENTS--GENERAL INFORMATION | |
| fixed length control field | 220615s9999||||xx |||||||||||||| ||und|| |
| 100 ## - MAIN ENTRY--PERSONAL NAME | |
| Personal name | Beaman, Jean |
| 245 #0 - TITLE STATEMENT | |
| Title | Citizen Outsider |
| Remainder of title | Children of North African Immigrants in France |
| 546 ## - LANGUAGE NOTE | |
| Language note | English[eng] |
| 650 ## - SUBJECT ADDED ENTRY--TOPICAL TERM | |
| Topical term or geographic name entry element | islam||race and ethnicity||france||north african||second generation||international migration||cultural citizenship||postcolonial||racial project||children of immigrants||Banlieue||French people||Middle class||Paris||Social exclusion||United States |
| 856 ## - ELECTRONIC LOCATION AND ACCESS | |
| Uniform Resource Identifier | <a href="https://library.oapen.org/bitstream/20.500.12657/31133/1/637914.pdf||https://library.oapen.org/bitstream/20.500.12657/31133/1/637914.pdf||https://library.oapen.org/bitstream/20.500.12657/31133/1/637914.pdf">https://library.oapen.org/bitstream/20.500.12657/31133/1/637914.pdf||https://library.oapen.org/bitstream/20.500.12657/31133/1/637914.pdf||https://library.oapen.org/bitstream/20.500.12657/31133/1/637914.pdf</a> |
| 942 ## - ADDED ENTRY ELEMENTS (KOHA) | |
| Koha item type | E-Books |
| Withdrawn status | Lost status | Damaged status | Not for loan | Home library | Current library | Date acquired | Total Checkouts | Date last seen | Price effective from | Koha item type |
|---|---|---|---|---|---|---|---|---|---|---|
| Kerala University of Digital Sciences, Innovation and Technology Knowledge Centre | Kerala University of Digital Sciences, Innovation and Technology Knowledge Centre | 15/06/2022 | 15/06/2022 | 15/06/2022 | E-Books |